University Home | Library Home | Institutional Repository

Ancient Chinese literature poetry (Record no. 127293)

MARC details
000 -LEADER
fixed length control field 00384cam a2200133 4500
008 - FIXED-LENGTH DATA ELEMENTS--GENERAL INFORMATION
fixed length control field 170116n 000 0 eng u
020 ## - INTERNATIONAL STANDARD BOOK NUMBER
International Standard Book Number 7802000467
035 ## - SYSTEM CONTROL NUMBER
System control number (Sirsi) a199951
050 ## - LIBRARY OF CONGRESS CALL NUMBER
Classification number C.IL PL 2250 ANC 2005
245 ## - TITLE STATEMENT
Title Ancient Chinese literature poetry
260 ## - PUBLICATION, DISTRIBUTION, ETC.
Place of publication, distribution, etc. Beijing:
Name of publisher, distributor, etc. Sinolingua,
Date of publication, distribution, etc. 2005.
300 ## - PHYSICAL DESCRIPTION
Extent 274p.:
Other physical details ill.
630 ## - SUBJECT ADDED ENTRY--UNIFORM TITLE
Uniform title Chinese literature--Chinese poetry

No items available.

© 2026 - The University of Zambia Library - Koha v25.11